Практическая психология для женщин, или Как быть счастливой (Запись № 15847)

Подробности
000 -МАРКЕР
контрольное поле 01888nam0a2200361 4500
001 - ИДЕНТИФИКАТОР ЗАПИСИ
контрольное поле RU\NLR\bibl\5709
005 - ИДЕНТИФИКАТОР ВЕРСИИ
контрольное поле 20260406044902.0
010 ## - МЕЖДУНАРОДНЫЙ СТАНДАРТНЫЙ НОМЕР КНИГИ (ISBN)
Номер (ISBN) 5-7805-0238-2
Уточнения рус.
Тираж 25000
021 ## - НОМЕР ГОСУДАРСТВЕННОЙ РЕГИСТРАЦИИ
Код страны Российская Федерация
Номер 98-7279
Номер Листа государственной регистраци 349
035 ## - ДРУГИЕ СИСТЕМНЫЕ НОМЕРА
Идентификатор записи (NLR Aleph) 000005563
100 ## - ДАННЫЕ ОБЩЕЙ ОБРАБОТКИ
Данные общей обработки 19980903d1998 |||y0rusy50 ca
101 1# - ЯЗЫК РЕСУРСА
Язык текста, звукозаписи и т.д. русский
Язык оригинала немецкий
102 ## - СТРАНА ПУБЛИКАЦИИ ИЛИ ПРОИЗВОДСТВА
Страна публикации Российская Федерация
105 ## - ПОЛЕ КОДИРОВАННЫХ ДАННЫХ: ТЕКСТОВЫЕ МАТЕРИАЛЫ, МОНОГРАФИЧЕСКИЕ
Кодированные данные о монографическом текстовом документе a |||||||||
200 1# - ЗАГЛАВИЕ И СВЕДЕНИЯ ОБ ОТВЕТСТВЕННОСТИ
Основное заглавие Практическая психология для женщин, или Как быть счастливой
Сведения, относящиеся к заглавию Тесты
Первые сведения об ответственности [Пер. с нем. И. Конго
Последующие сведения об ответственности Лит. обраб. И. Ермаковой]
210 ## - ПУБЛИКАЦИЯ, РАСПРОСТРАНЕНИЕ И ДР.
Место издания, распространения и т.д. М.
Имя издателя, распространителя и т. д. АСТ-ПРЕСС
Дата издания, распространения и т.д. 1998
215 ## - ФИЗИЧЕСКАЯ ХАРАКТЕРИСТИКА
Специфическое обозначение материала и объем 381 с.
Другие сведения о физической характеристике ил.
Размеры 22
225 1# - СЕРИЯ
Основное заглавие серии Практ. психология
300 ## - ОБЩИЕ ПРИМЕЧАНИЯ
Текст примечания Пер. изд.: Psychotests: spillerisch sich selbst erkennen; Liebe und Partnerschaft, Beruf und Karriere, Stärken und Schwachen. - Niedernhausen/Ts., 1996
454 #0 - ОРИГИНАЛ (ПЕРЕВОДА)
Встроенное поле 2001#$aPsychotests: spillerisch sich selbst erkennen$aLiebe und Partnerschaft, Beruf und Karriere, Stärken und Schwachen
-- 210##$aNiedernhausen/Ts.$d1996
Заглавие Liebe und Partnerschaft, Beruf und Karriere, Stärken und Schwachen
606 0# - НАИМЕНОВАНИЕ ТЕМЫ КАК ПРЕДМЕТ
Наименование темы Брак
Формальный подзаголовок Популярная литература
Тематический подзаголовок Гигиена
Системный номер авторитетной/нормативной записи 1191752
Идентификатор авторитетной/нормативной записи RU\NLR\auth\66163299
606 0# - НАИМЕНОВАНИЕ ТЕМЫ КАК ПРЕДМЕТ
Наименование темы Брак
Формальный подзаголовок Популярные издания
Тематический подзаголовок Гигиена
Системный номер авторитетной/нормативной записи 1191752
Идентификатор авторитетной/нормативной записи RU\NLR\auth\66163299
606 0# - НАИМЕНОВАНИЕ ТЕМЫ КАК ПРЕДМЕТ
Наименование темы Женщины
Формальный подзаголовок Популярная литература
Тематический подзаголовок Психология
Системный номер авторитетной/нормативной записи 1180921
Идентификатор авторитетной/нормативной записи RU\NLR\auth\66475197
606 0# - НАИМЕНОВАНИЕ ТЕМЫ КАК ПРЕДМЕТ
Наименование темы Женщины
Формальный подзаголовок Популярные издания
Тематический подзаголовок Психология
Системный номер авторитетной/нормативной записи 1180921
Идентификатор авторитетной/нормативной записи RU\NLR\auth\66475197
686 ## - ИНДЕКСЫ ДРУГИХ КЛАССИФИКАЦИЙ
Индекс Р702я9
686 ## - ИНДЕКСЫ ДРУГИХ КЛАССИФИКАЦИЙ
Индекс Ю937.31я9
702 #1 - ИМЯ ЛИЦА - ВТОРИЧНАЯ ОТВЕТСТВЕННОСТЬ
Код отношения Автор адаптации
Материалы, к которым относится поле rus
Графика поля Кириллица
Начальный элемент ввода Ермакова
Часть имени, кроме начального элемента ввода И.
Дополнения к именам, кроме дат филолог
Идентификатор авторитетной/нормативной записи RU\NLR\auth\774676
Системный номер авторитетной/нормативной записи 114653
801 #0 - ИСТОЧНИК ЗАПИСИ
Страна Российская Федерация
Организация NLR
Дата составления 19980903
Правила каталогизации PSBO
801 #1 - ИСТОЧНИК ЗАПИСИ
Страна Российская Федерация
Организация NLR
Дата составления 19980903
852 ## - МЕСТОНАХОЖДЕНИЕ И ШИФР ХРАНЕНИЯ
Идентификатор организации NLR
Шифр хранения (Call Number) 98-5/762
942 ## - ДОПОЛНИТЕЛЬНЫЕ ЭЛЕМЕНТЫ ЗАПИСИ (АБИС)
Тип экземпляра АБИС Книга
980 ## - КОЛЛЕКЦИЯ
Название коллекции Национальная библиография
Экземпляры
Тип экземпляра Дата поступления Библиотека постоянного хранения Библиотека текущего хранения Место хранения Шифр хранения Штрих-код Статус экземпляра
Книга 26.10.2013 РНБ (Московский) РНБ (Московский) Русский книжный фонд: издания с 1957 года 98-5/762 5563-10